[Event "Kings Of The Board  -  2400+"]
[Site "SchemingMind.com"]
[Date "2022.04.18"]
[Round "-"]
[White "Robert Bruce"]
[Black "Ricardo Martinez Puigros"]
[Result "0-1"]
[WhiteCountry "SCO"]
[BlackCountry "ESP"]
[WhiteElo "2336"]
[WhiteRD "70"]
[BlackElo "2530"]
[BlackRD "78"]
[GameID "722828"]

1. c4 c6 2. d4 d5 3. Nf3 Nf6 4. e3 e6 5. b3 b6 6. Bd3 Bd6 7. Qe2 O-O 8. O-O Bb7 9. Bb2 Nbd7 10. Ne5 c5
11. Nd2 cxd4 12. exd4 a5 13. h3 a4 14. Rfd1 Qe7 15. Bc2 axb3 16. axb3 Rxa1 17. Rxa1 Ra8 18. Rxa8+ Bxa8 19. Nf1 Bb7 20. Ne3 Nf8
21. Bb1 Ng6 22. g3 dxc4 23. bxc4 Bxe5 24. dxe5 Nd7 25. Qd3 Nc5 26. Qd4 Nf8 27. Bc2 Qc7 28. Bd1 Nfd7 29. Nf1 Nb8 30. Nd2 Nc6
31. Qd6 Qxd6 32. exd6 Na5 33. Nb3 Naxb3 34. Bxb3 f6 35. Bd4 Kf7 36. Bc2 g6 37. f4 Ba6 38. Kf2 Bxc4 39. g4 Bb5 40. Kg3 f5
41. Kh4 Bf1 42. Kg5 Bxh3 43. gxf5 Bxf5 44. Bd1 Ke8 45. Kh6 Kd7 46. Be5 b5 47. Bf3 Ne4 48. Bxe4 Bxe4 49. Kg5 h5 50. Kh4 b4
51. Kh3 Bd3 52. Kg3 Kc6 53. Kh3 Bb5 54. Kg3 b3 55. Kh4 Kd5 56. Kg5 Ke4 57. Bg7 Be8 58. Bb2 Kd3 59. Bf6 Kc2 60. d7 Bxd7
61. Kxg6 h4
0-1

[Event "Kings Of The Board  -  2400+"]
[Site "SchemingMind.com"]
[Date "2022.04.18"]
[Round "-"]
[White "Ricardo Martinez Puigros"]
[Black "Robert Bruce"]
[Result "1-0"]
[WhiteCountry "ESP"]
[BlackCountry "SCO"]
[WhiteElo "2524"]
[WhiteRD "77"]
[BlackElo "2312"]
[BlackRD "72"]
[GameID "722829"]

1. d4 Nf6 2. c4 c5 3. d5 b5 4. cxb5 a6 5. e3 g6 6. Nc3 Bg7 7. e4 e6 8. e5 Nxd5 9. Nxd5 exd5 10. Qxd5 Ra7
11. Qxc5 Rc7 12. Qd6 Bf8 13. Qf6 Bb4+ 14. Kd1 O-O 15. Qxd8 Rxd8 16. Be3 d6 17. e6 Bc5 18. exf7+ Rxf7 19. Nf3 Bg4 20. h3 Bxf3+
21. gxf3 axb5 22. Bxb5 Rxf3 23. Ke2 Rf5 24. a4 Nd7 25. Rhb1 Kg7 26. Bxd7 Rxd7 27. b4 Bxb4 28. Rxb4 Ra5 29. Rb5 Ra6 30. a5 Kf6
31. Rb6 Rda7 32. Rxd6+ Rxd6 33. Bxa7 Ra6 34. Bb6 Ra8 35. a6
1-0

[Event "Kings Of The Board  -  2400+"]
[Site "SchemingMind.com"]
[Date "2022.04.18"]
[Round "-"]
[White "William Lindberg"]
[Black "Ricardo Martinez Puigros"]
[Result "0-1"]
[WhiteCountry "USA"]
[BlackCountry "ESP"]
[WhiteElo "2404"]
[WhiteRD "68"]
[BlackElo "2524"]
[BlackRD "77"]
[GameID "722830"]

1. e4 c5 2. Nf3 d6 3. Bb5+ Nd7 4. c4 Nf6 5. O-O g6 6. Nc3 Bg7 7. d3 O-O 8. Ba4 b6 9. h3 Bb7 10. Be3 h6
11. Qd2 Kh7 12. Rae1 e6 13. Rd1 Rc8 14. a3 Ne8 15. Qe2 e5 16. b4 Nc7 17. Nd5 f5 18. Rfe1 Rf7 19. Bd2 Ne6 20. Rc1 f4
21. Bc3 Ndf8 22. Qb2 Rb8 23. Bb3 Bc6 24. Qd2 Ng5 25. Nh2 h5 26. Bd1 Bh6 27. Qb2 Rbb7 28. Ra1 Kg8 29. b5 Bd7 30. a4 Bxh3
31. gxh3 f3 32. Kh1 Nxh3 33. Nxf3 g5 34. d4 cxd4 35. Nxd4 Nxf2+ 36. Kg1 Nh3+ 37. Kh1 g4 38. Nf5 Rxf5 39. exf5 Qh4 40. a5 Rf7
41. f6 Ng6 42. Bf3 gxf3 43. Qh2 Bf4 44. Nxf4 Ngxf4 45. Rf1 f2 46. Ra2 Rxf6 47. Raxf2 Nxf2+ 48. Rxf2 Qg4 49. Rg2 Qxg2+ 50. Qxg2+ Nxg2
51. Kxg2 Rf4 52. c5 dxc5 53. axb6 axb6 54. Bxe5 Rb4 55. Kf2 Rxb5
0-1

[Event "Kings Of The Board  -  2400+"]
[Site "SchemingMind.com"]
[Date "2022.04.18"]
[Round "-"]
[White "Ricardo Martinez Puigros"]
[Black "William Lindberg"]
[Result "1-0"]
[WhiteCountry "ESP"]
[BlackCountry "USA"]
[WhiteElo "2524"]
[WhiteRD "77"]
[BlackElo "2404"]
[BlackRD "68"]
[GameID "722831"]

1. d4 d5 2. c4 Nf6 3. cxd5 c6 4. dxc6 Nxc6 5. Nf3 e6 6. e3 Be7 7. Be2 O-O 8. O-O b6 9. a3 Bb7 10. Nbd2 Rc8
11. b4 a6 12. Bb2 Na7 13. Bc4 Ne4 14. Qe2 b5 15. Bd3 f5 16. Bb1 Nxd2 17. Nxd2 Bd5 18. e4 fxe4 19. Nxe4 Nc6 20. Nc5 Qd6
21. Re1 Bf6 22. Qg4 g6 23. Nxe6 Bxe6 24. Rxe6 Rce8 25. Re3 Kg7 26. Be4 Nxd4 27. Rd1 Rd8 28. Red3 Qe6 29. Qxe6 Nxe6 30. Rd7+ Rxd7
31. Rxd7+ Rf7 32. Bxf6+ Kxf6 33. Rxf7+ Kxf7 34. Bd5 g5 35. Kf1 Kf6 36. Bxe6 Kxe6 37. Ke2 Ke5 38. Ke3 Kf5 39. f3 Ke5 40. g3 Kf5
41. Kd4 Ke6 42. Kc5 Ke5 43. Kb6 Kd5 44. Kxa6 Kc6 45. f4 h6 46. fxg5 hxg5 47. h4 gxh4 48. gxh4
1-0

[Event "Kings Of The Board  -  2400+"]
[Site "SchemingMind.com"]
[Date "2022.04.18"]
[Round "-"]
[White "John C. Walton"]
[Black "Ricardo Martinez Puigros"]
[Result "1/2-1/2"]
[WhiteCountry "USA"]
[BlackCountry "ESP"]
[WhiteElo "2582"]
[WhiteRD "84"]
[BlackElo "2524"]
[BlackRD "77"]
[GameID "722832"]

1. d4 Nf6 2. c4 e6 3. g3 Bb4+ 4. Bd2 Be7 5. Bg2 d5 6. Nf3 Nbd7 7. O-O O-O 8. Qc2 c6 9. Bf4 b6 10. Rd1 Bb7
11. Nc3 dxc4 12. Nd2 Nd5 13. Nxc4 Nxf4 14. gxf4 Qc7 15. e3 Rac8 16. Rac1 Rfd8 17. a3 a5 18. Qb1 a4 19. Qc2 b5 20. Ne5 Nxe5
21. fxe5 c5 22. Nxb5 Qb6 23. Qxa4 Bxg2 24. Kxg2 Qb7+ 25. Kg1 cxd4 26. Rxc8 Rxc8 27. Nd6 Bxd6 28. exd6 dxe3 29. fxe3 Qf3 30. Qb3 Qg4+
31. Kf2 Qh4+=
1/2-1/2

[Event "Kings Of The Board  -  2400+"]
[Site "SchemingMind.com"]
[Date "2022.04.18"]
[Round "-"]
[White "Ricardo Martinez Puigros"]
[Black "John C. Walton"]
[Result "1/2-1/2"]
[WhiteCountry "ESP"]
[BlackCountry "USA"]
[WhiteElo "2524"]
[WhiteRD "77"]
[BlackElo "2582"]
[BlackRD "84"]
[GameID "722833"]

1. d4 Nf6 2. c4 g6 3. Nc3 d5 4. cxd5 Nxd5 5. e4 Nxc3 6. bxc3 Bg7 7. Bc4 c5 8. Ne2 Nc6 9. Be3 O-O 10. O-O b6
11. Qd2 Bb7 12. Rfd1 Rc8 13. Rac1 Na5 14. Bd3 e6 15. Bg5 Qd6 16. e5 Qd7 17. h4 cxd4 18. cxd4 Rxc1 19. Rxc1 Nc6 20. Bb5 Rc8
21. Ba4 h5 22. Rd1 Qc7 23. Rc1 a6 24. d5 exd5 25. Bxc6 Bxc6 26. Nf4 Qxe5 27. Nxd5 f6 28. Nxb6 Re8 29. Rxc6 fxg5 30. hxg5 Qe1+
31. Qxe1 Rxe1+ 32. Kh2 Rf1 33. Rxg6 Rxf2 34. a4 Rf5 35. Nc8 Ra5 36. Rc6 Rxg5 37. Rxa6 Be5+ 38. Kh3 Rg3+ 39. Kh4 Rxg2 40. Kxh5 Kf7
41. a5 Rc2 42. Ra8 Ra2 43. Kg4 Ke6 44. Kf3 Kd7 45. Ke4 Bc7 46. a6 Rxa6 47. Rxa6=
1/2-1/2

[Event "Kings Of The Board  -  2400+"]
[Site "SchemingMind.com"]
[Date "2022.04.19"]
[Round "-"]
[White "Matthew Bailey"]
[Black "Ricardo Martinez Puigros"]
[Result "1/2-1/2"]
[WhiteCountry "ENG"]
[BlackCountry "ESP"]
[WhiteElo "2574"]
[WhiteRD "76"]
[BlackElo "2524"]
[BlackRD "77"]
[GameID "722834"]

1. c4 c6 2. Nf3 d5 3. e3 Nf6 4. Nc3 e6 5. b3 Bd6 6. Bb2 O-O 7. Be2 dxc4 8. bxc4 e5 9. O-O Re8 10. d4 e4
11. Nd2 Bf5 12. Qb3 b6 13. Ba3 c5 14. Rfd1 Nbd7 15. Nb5 Bf8 16. dxc5 bxc5 17. Bb2 Rb8 18. Qa3 Rb7 19. Bxf6 Qxf6 20. Nc3 Nb6
21. Rab1 g6 22. Nd5 Qe5 23. Qb2 Qxb2 24. Rxb2 Kg7 25. Kf1 h5 26. Nc3 Rd7 27. Rb5 Be6 28. a4 f5 29. a5 Nc8 30. Nb3 Rxd1+
31. Nxd1 Kh6 32. Nxc5 Bxc4 33. Bxc4 Nd6 34. Rb4 Nxc4 35. Rxc4 Rc8 36. Nc3 Rxc5 37. Rxc5 Bxc5 38. a6 Kg7 39. Ke2 Kf6 40. Nd5+ Ke6
41. Nf4+ Kf7 42. f3 h4 43. fxe4 fxe4 44. Nd5 Ke6 45. Nc3 Ke5 46. g3 hxg3 47. hxg3 Kf5 48. Kf2 Bd6=
1/2-1/2

[Event "Kings Of The Board  -  2400+"]
[Site "SchemingMind.com"]
[Date "2022.04.18"]
[Round "-"]
[White "Ricardo Martinez Puigros"]
[Black "Matthew Bailey"]
[Result "1/2-1/2"]
[WhiteCountry "ESP"]
[BlackCountry "ENG"]
[WhiteElo "2470"]
[WhiteRD "85"]
[BlackElo "2585"]
[BlackRD "77"]
[GameID "722835"]

1. d4 Nf6 2. c4 g6 3. Nc3 d5 4. cxd5 Nxd5 5. e4 Nxc3 6. bxc3 Bg7 7. Bc4 c5 8. Ne2 Nc6 9. Be3 O-O 10. O-O b6
11. Rc1 Bb7 12. Qd2 e6 13. f3 cxd4 14. cxd4 Rc8 15. Bb5 a6 16. Bxc6 Rxc6 17. Rxc6 Bxc6 18. Rb1 Re8 19. Rc1 Qd7 20. Nc3 h5
21. Rd1 Qe7 22. Ne2 Rc8 23. Nf4 Ba4 24. Rc1 Rxc1+ 25. Qxc1 Qd6 26. d5 Bd7 27. Qd2 Kh7 28. Kf2 exd5 29. Qxd5 Qxd5 30. exd5 Bb5
31. Bxb6 Be5 32. Ke3 Bc4 33. Ke4 Bxf4 34. Kxf4 Bxd5 35. a3=
1/2-1/2